Logo BPK

Bibliografia Prac Pracowników

Politechniki Koszalińskiej

Symulacja w badaniach i rozwoju : (Rekord nr 6325)

Szczegóły MARC
000 -ETYKIETA REKORDU
podpole kontrolne o stałej długości 01601nam a2200265 i 4500
001 - NUMER KONTROLNY REKORDU
podpole kontrolne 6325
003 - IDENTYFIKATOR NUMERU KONTROLNEGO REKORDU
podpole kontrolne KOSZ 005
005 - DATA OSTATNIEJ MODYFIKACJI REKORDU
podpole kontrolne 20180116082945.0
008 - POLE O STAŁEJ DŁUGOŚCI - DANE KONTROLNE
podpole kontrolne o stałej długości 150316s2003 pl a f f |100 0 pol
040 ## - ŹRÓDŁO KATALOGOWANIA
Instytucja, która utworzyła rekord BPK
Instytucja, która dokonała modyfikacji KOSZ 005/EG
080 ## - UNIWERSALNA KLASYFIKACJA DZIESIĘTNA - UKD
UKD 519.7/.8
084 ## - NUMER INNEJ KLASYFIKACJI
Numer klasyfikacji 004.94
100 1# - NAZWA OSOBOWA
Nazwa osobowa KRZYŻYŃSKI, Tomasz.
Lata pracy 1997 - .
Instytucja Politechnika Koszalińska - Wydział Mechaniczny,
Wydział Katedra Mechaniki Precyzyjnej - Zakład Mechatroniki
245 ## - TYTUŁ/ODPOWIEDZIALNOŚĆ
Tytuł Symulacja w badaniach i rozwoju :
Ciąg dalszy tytułu zbiór referatów IX Warsztatów Naukowych PTSK, Koszalin-Osieki 28-31 sierpnia 2002 /
Pozostałe elementy strefy tytułu i oznaczenia odpowiedzialności pod red. Tomasza Krzyżyńskiego i Andrzeja Tylikowskiego ; Polskie Towarzystwo Symulacji Komputerowej, Wydział Mechaniczny Politechniki Koszalińskiej, Centrum Informatyczne "Kosman".
260 ## - STREFA ADRESU WYDAWNICZEGO
Miejsce wydania Warszawa :
Nazwa wydawcy/dystrybutora Wydaw. Uczelniane Politechniki Koszalińskiej,
Data publikacji, dystrybucji/powstania dokumentu 2003.
300 ## - STREFA OPISU FIZYCZNEGO
Objętość 303 s. :
Inne cechy fizyczne rys., tab.
500 ## - UWAGI OGÓLNE
Tekst uwagi Dane z autopsji.
520 ## - UWAGA DOTYCZĄCA TREŚCI DOKUMENTU
Analiza dokumentacyjna, adnotacja itp. Książka zawiera zbiór wygłoszonych referatów na Warsztatach Naukowych PTSK "Symulacja w badaniach i rozwoju" o bardzo szerokiej tematyce, która obejmowała między innymi: symulacje w mechanice, fizyce, chemii i informatyce, symulacje różnorodych procesów technologicznych i układów technicznych, metody numeryczne i algorytmy symulacyjne, inteligencję obliczeniową oraz symulacje układów biologicznych.
650 #0 - HASŁO PRZEDMIOTOWE W FORMIE NAZWY OGÓLNEJ LUB JEDNOSTKOWEJ
Nazwa ogólna lub geograficzna Cybernetyka matematyczna.
650 #0 - HASŁO PRZEDMIOTOWE W FORMIE NAZWY OGÓLNEJ LUB JEDNOSTKOWEJ
Nazwa ogólna lub geograficzna Symulacja.
650 #0 - HASŁO PRZEDMIOTOWE W FORMIE NAZWY OGÓLNEJ LUB JEDNOSTKOWEJ
Nazwa ogólna lub geograficzna Analiza numeryczna.
655 #0 - TERMIN INDEKSOWY - OKREŚLENIE RODZAJU/FORMY DOKUMENTU
Określnie rodzaju/formy dokumentu Materiały konferencyjne.
711 22 - HASŁO DODATKOWE - NAZWA IMPREZY
Nazwa imprezy Warsztaty Naukowe PTSK
Oznaczenie części/sekcji dzieła (9 ;
Data imprezy 2002 ;
Miejsce imprezy Koszalin - Osieki, Polska).
942 ## - HASŁO DODATKOWE - ELEMENTY(KOHA)
Typ dokumentu Książka
Schemat klasyfikacji Uniwersalna klasyfikacja dziesiętna
Egzemplarze
Wycofany Zagubiony Uszkodzony Dostępność Lokalizacja stała Lokalizacja bieżąca Sygnatura Typ dokumentu
      Dostępny Bibliografia Prac Pracowników - BPK Bibliografia Prac Pracowników - BPK 70620 Książka
© 2014 Biblioteka Politechniki Koszalińskiej :: BIBLIOGRAFIA PRAC PRACOWNIKÓW